000 00793nam a2200265Ia 4500
003 OSt
005 20221005070441.0
006 a|||||r|||| 00| 0
007 ta
008 221004b |||||||| |||| 00| 0 eng d
020 _a9780202309101 (pbk)
024 _a87188
037 _b84699, 22/10/2007, International Book Distributors
_cTextual
040 _aCRL
_cCRL
_beng
041 _2eng
_aeng
082 _aY:1.51, P7
100 _aKitto H. D. F.
245 0 _aGreeks
260 _aNew Brunswick
_bBrunswick A Division of Transaction Publishers USA
_c2007
300 _axii, 256p.
_ccm.
650 _a CULTURE
650 _aSOCIOLOGY
942 _hY:1.51, P7
_cTEXL
_2cc
999 _c976234
_d976234